000
00420nam a2200145Ia 4500
008
090124s9999 xx 000 0 und d
082
_b
206840
245
_a
पढाई का महत्व
250
_a
1
260
_b
मालविय विनय कुमार
_c
2001
300
_a
24
630
_a
पढाई का महत्व
730
_a
पढाई का महत्व
942
_c
BOOK
999
_c
188836
_d
188836